000
00306nam a22001337a 4500
003
SGT
082
_a
635
_b
SPI
100
_a
SPINK, THACKER
245
_a
FAMILIAR FLOWERING TREES IN INDIA
260
_a
CALCUTTA, INDIA
_b
TS & CO PUB.
_c
1924
300
_a
161
650
_a
HORTICULTURE
942
_2
ddc
_c
BK
999
_c
29040
_d
29040